000 00325nam a22001457a 4500
008 210311b ||||| |||| 00| 0 eng d
020 _a9780070712829
041 _aeng
080 _a615.83
082 _a615.83
100 _a8
101 _aEGZ
245 _aIntroductory Biomechanics
_cMcGbbon, CH. A
942 _2udc
_cBK
999 _c56338
_d56338